[Event "Let's Play Chess!"]
[Site "http://www.queenalice.com/game.php?id=272988"]
[Date "2007.9.17"]
[Round "-"]
[White "CleoGodoy"]
[Black "guzanito"]
[Result "0-1"]
[WhiteElo "1787"]
[BlackElo "2137"]

1. e4 e5 2. Nf3 Nc6 3. c3 Nf6 4. d3 d6 5. Be3 Be7 6. Nbd2 O-O 7. Be2 h6 8. O-O
b6 9. a4 Ng4 10. d4 Nxe3 11. fxe3 Bf6 12. Nc4 Ba6 13. d5 Ne7 14. Qe1 Ng6 15.
Ncd2 Bxe2 16. Qxe2 Nh4 17. Nxh4 Bxh4 18. b4 Qd7 19. b5 Rac8 20. Nf3 Qg4 21. Qc2
Bg5 22. Qd3 f5 0-1

[Event "Let's Play Chess!"]
[Site "http://www.queenalice.com/game.php?id=272989"]
[Date "2007.9.17"]
[Round "-"]
[White "razoman"]
[Black "CleoGodoy"]
[Result "1-0"]
[WhiteElo "1891"]
[BlackElo "1850"]

1. e4 e5 2. Nf3 Nc6 3. d4 exd4 4. Nxd4 Nf6 5. Nxc6 bxc6 6. Bd3 Bc5 7. O-O O-O 8.
Bg5 Be7 9. e5 Nd5 10. Bxe7 Qxe7 11. Re1 Qg5 12. Nd2 d6 13. Nf3 Qd8 14. h3 Be6
15. Qd2 f6 16. exd6 Qxd6 17. Nd4 Nf4 18. Nxe6 Nxe6 19. Qc3 c5 20. Rxe6 1-0

[Event "AUTO-ADV-700"]
[Site "http://www.queenalice.com/game.php?id=298228"]
[Date "2007.11.4"]
[Round "1"]
[White "CleoGodoy"]
[Black "Parma"]
[Result "0-1"]
[WhiteElo "1785"]
[BlackElo "1866"]

1. e4 c5 2. c3 e5 3. Nf3 d6 4. Bb5+ Bd7 5. Bxd7+ Nxd7 6. d3 Ngf6 7. Be3 Be7 8.
Nbd2 O-O 9. O-O Ng4 10. Nc4 b5 11. Na3 a6 12. Nc2 f5 13. h3 Nxe3 14. Nxe3 f4 0-1

[Event "AUTO-ADV-700"]
[Site "http://www.queenalice.com/game.php?id=298229"]
[Date "2007.11.4"]
[Round "1"]
[White "Parma"]
[Black "CleoGodoy"]
[Result "1-0"]
[WhiteElo "1879"]
[BlackElo "1772"]

1. d4 d5 2. c4 Nf6 3. e3 e6 4. Nf3 Be7 5. Nc3 O-O 6. cxd5 Nxd5 7. Bd2 Nc6 8. Bd3
Ncb4 9. Bc4 c6 10. O-O b6 11. Qe2 Nc7 12. a3 Nbd5 13. Nxd5 1-0

[Event "AUTO-ADV-888"]
[Site "http://www.queenalice.com/game.php?id=394610"]
[Date "2008.4.28"]
[Round "1"]
[White "mett"]
[Black "CleoGodoy"]
[Result "1-0"]
[WhiteElo "2036"]
[BlackElo "1741"]

1. e4 e5 2. Nf3 Nc6 3. Bb5 d6 4. O-O Nf6 5. Re1 Be7 6. c3 O-O 7. h3 d5 8. Bxc6
bxc6 9. Nxe5 Nxe4 10. Nxc6 Qd6 11. Nxe7+ 1-0

[Event "AUTO-ADV-888"]
[Site "http://www.queenalice.com/game.php?id=394611"]
[Date "2008.4.28"]
[Round "1"]
[White "CleoGodoy"]
[Black "mett"]
[Result "0-1"]
[WhiteElo "1737"]
[BlackElo "2040"]

1. e4 c5 2. Nc3 Nc6 3. Nf3 d6 4. Bc4 e6 5. a3 a6 6. d3 b5 7. Ba2 Nge7 8. Be3 g6
9. Nd2 Bg7 10. O-O Bb7 0-1

[Event "AUTO-ADV-888"]
[Site "http://www.queenalice.com/game.php?id=394624"]
[Date "2008.4.28"]
[Round "1"]
[White "alvarogoulart"]
[Black "CleoGodoy"]
[Result "1-0"]
[WhiteElo "1882"]
[BlackElo "1723"]

1. e4 e5 2. Nf3 Nc6 3. Bb5 d6 4. Bxc6+ bxc6 5. d3 Nf6 6. Bg5 Be7 7. Bxf6 Bxf6 8.
Nc3 Be6 9. h3 Qb8 10. b3 O-O 11. Na4 Bd7 12. c4 1-0

[Event "AUTO-ADV-888"]
[Site "http://www.queenalice.com/game.php?id=394625"]
[Date "2008.4.28"]
[Round "1"]
[White "CleoGodoy"]
[Black "alvarogoulart"]
[Result "0-1"]
[WhiteElo "1733"]
[BlackElo "1872"]

1. e4 e5 2. f4 exf4 3. Nc3 Bb4 4. d3 Bxc3+ 5. bxc3 Qf6 6. Bd2 d6 7. Nf3 Bg4 8.
Be2 Bxf3 9. Bxf3 Qh4+ 10. Ke2 Nc6 11. d4 Nf6 0-1

[Event "Convite"]
[Site "http://www.queenalice.com/game.php?id=538600"]
[Date "2009.2.11"]
[Round "-"]
[White "CleoGodoy"]
[Black "RobinL"]
[Result "1-0"]
[WhiteElo "1720"]
[BlackElo "1179"]

1. e4 e5 2. Nf3 Nc6 3. c3 Nf6 4. d3 d5 5. exd5 Nxd5 6. Be3 Nxe3 7. fxe3 Bd6 8.
Nbd2 Be6 9. d4 f5 10. Nc4 e4 11. Nxd6+ Qxd6 12. Ng5 O-O-O 13. Qa4 h6 14. Nh3 a5
15. Bb5 Bd7 16. Bxc6 Bxc6 17. Qxa5 b6 18. Qxf5+ Rd7 19. O-O Kb8 20. Nf4 Rf8 21.
Qg4 g5 22. Ne2 Rdf7 23. Ng3 Bd7 24. Qxe4 c5 25. Qd3 Bg4 26. a3 h5 27. Qb5 Kc7
28. Ne4 Qd5 29. Rxf7+ Rxf7 30. Nd2 h4 31. e4 Qd6 32. Nc4 Qf6 33. Ne5 Qf2+ 34.
Kh1 h3 35. Qc6+ Kd8 36. Qxb6+ Ke8 37. Qb8+ Ke7 38. Qc7+ Kf8 39. Qxf7+ Qxf7 40.
Nxf7 Kxf7 41. dxc5 1-0

[Event "Challenge"]
[Site "http://www.queenalice.com/game.php?id=608301"]
[Date "2009.6.24"]
[Round "-"]
[White "PlinioRegis"]
[Black "CleoGodoy"]
[Result "0-1"]
[WhiteElo "1586"]
[BlackElo "1732"]

1. e4 e5 2. Nc3 Nc6 3. Nf3 Bc5 4. d3 Nf6 5. a3 Ng4 6. Be3 Nd4 7. Bxd4 exd4 8.
Na4 Qe7 9. Qd2 c6 10. Nxc5 Qxc5 11. b4 Qd6 12. Be2 b6 13. Nh4 Ne5 14. O-O Qf6
15. Nf5 c5 16. bxc5 bxc5 17. Rab1 d6 18. c3 Bxf5 19. exf5 dxc3 20. Qxc3 Qxf5 21.
Qa5 O-O 22. Qa6 Qd7 23. Bd1 Qf5 24. Qxd6 Nxd3 25. Bc2 c4 26. Qa6 Qe4 27. f3 Qd4+
28. Kh1 Nc5 29. Qb5 Nd7 30. Rbd1 Qc5 31. Qxd7 Qxa3 32. Qh3 h6 33. Be4 Rab8 34.
Qg3 c3 35. Rd6 Rb6 36. Rd5 Qb2 37. Qe5 Qe2 38. h3 Qxf1+ 39. Kh2 Rb2 40. f4 c2
41. Qxb2 c1=Q 42. Qxc1 Qxc1 43. h4 Qxf4+ 44. g3 Qxe4 45. Rd2 a5 46. Kh3 f5 47.
Rg2 f4 48. g4 Rd8 49. h5 Qe1 50. Ra2 Qh1+ 0-1

[Event "Challenge"]
[Site "http://www.queenalice.com/game.php?id=615087"]
[Date "2009.7.8"]
[Round "-"]
[White "RobinL"]
[Black "CleoGodoy"]
[Result "0-1"]
[WhiteElo "1141"]
[BlackElo "1726"]

1. e4 e5 2. Nf3 d6 3. d4 exd4 4. Nxd4 Bd7 5. Nc3 Nc6 6. Nxc6 Bxc6 7. Be3 Qh4 8.
Bd3 Nf6 9. g3 Qh3 10. Qf3 Be7 11. Nd5 Bxd5 12. exd5 O-O 13. Bf5 Qh5 14. Qxh5
Nxh5 15. O-O Nf6 16. c4 b5 17. b3 a5 18. Rfe1 bxc4 19. bxc4 Ra6 20. f4 c6 21. g4
cxd5 22. cxd5 Nxd5 23. Bd2 Bd8 24. Rad1 Nc7 25. a4 Na8 26. Be3 Bb6 27. Bxb6 Rxb6
28. Rd5 Ra6 29. Red1 Rd8 30. Be4 Nc7 31. Rh5 g6 32. Rh3 d5 33. Bd3 Rf6 34. Rf1
d4 35. f5 g5 36. Rh5 h6 37. Rh3 Kg7 38. Re3 dxe3 0-1